00392nam a2200121 a 450000100100000000500170001000800410002704000250006808200150009324500820010826000550019030000250024500003148820200930062950.0110627s1980 dr 000 0 spa d aDO-SdBNPbspacBNPHU axxxxbR42600aRepública Dominicana :bcapitalismo dependiente y alternativas políticas. a[Santo Domingo] :bEdiciones Socialistas,c[1980]. aix, 183 p. ;c21 cm.